Zbierka cirkevných matrík 1587-1895 /

Uložené v:
Podrobná bibliografia
Hlavný autor: Fedorjaková, Anna (Author)
Médium: Kniha
Jazyk:Slovak
Vydané: Bratislava : Slovenská archívna správa, 1972.
Vydanie:1. vyd.
Edícia:Inventáre a katalógy štátných archívov na Slovensku zv. 33
ISBN: (brož.)
Fyzický popis: 197 s.
Tagy: Pridať tag
Žiadne tagy, Buďte prvý kto otaguje tento záznam!

MARC

LEADER 00000nam a22000001 4500
001 000179110
005 20101116193638.0
008 011118s1972 xo slo d
020 |a (brož.) 
040 |a SVKKK  |b slo  |c SVKKK  |e AACR2 
041 0 |a slo 
044 |a xo  |c SK 
100 1 |a Fedorjaková, Anna  |4 aut 
245 1 0 |a Zbierka cirkevných matrík 1587-1895 /  |c Anna Fedorjaková. 
250 |a 1. vyd. 
260 |a Bratislava :  |b Slovenská archívna správa,  |c 1972. 
300 |a 197 s. 
490 1 |a Inventáre a katalógy štátných archívov na Slovensku  |v zv. 33 
500 |a Vyd. Štátný archív, Košice 
830 0 |a Inventáre a katalógy štátných archívov na Slovensku  |v zv. 33 
910 |a svkkk 
998 |a BK 
090 |g SCKHL  |k Študovňa historických fondov a regionálnej lit.(Pri Mikl.väzn.1)  |a V.87428  |j 494384  |i 2720187338  |s Príručka / Študovňa